00404nam a2200181Ia 4500003000900000008004100009040001300050040001300063041000800076100002600084245004900110250001200159260002100171260000900192300000800201490000700209490000600216IT-RoPAU120407s9999 xx 000 0 und d aIT-RoPAU cIT-RoPAU aita aFrançois Lebesconte aIl cuore di Maria secondo S. Giovanni Eudes. aCatania aEdizioni Paoline c1954 c cm aSm v1